| 000 | 00817nam a22002537a 4500 | ||
|---|---|---|---|
| 003 | OSt | ||
| 005 | 20260530115318.0 | ||
| 008 | 260508b1995 mx a|||| |||| 00| 0 spa d | ||
| 040 |
_aICI _bspa _cMX-MxINE _erda |
||
| 050 |
_aML460 _bU55 2020 |
||
| 245 | _aEl universo del instrumento musical / | ||
| 264 |
_aMéxico : _bMuseo Franz Mayer, _c1995 |
||
| 300 |
_a20 páginas : _bilustraciones |
||
| 336 |
_2rdacontent _atexto |
||
| 337 |
_2rdamedia _asin medio |
||
| 338 |
_2rdacarrier _avolumen |
||
| 500 | _aMuseo Franz Mayer, Junio 28 - septiembre 3, 1995 | ||
| 650 | 4 |
_aInstrumentos musicales _933988 |
|
| 650 | 4 |
_aMúsica _916808 |
|
| 650 | 4 |
_aAcústica musical _933989 |
|
| 650 | 4 |
_aConstrucción de instrumentos musicales _933990 |
|
| 650 | 4 |
_aHistoria de los instrumentos musicales _933991 |
|
| 942 |
_2lcc _cBK _n1 |
||
| 999 |
_c13664 _d13664 |
||